000 00435cam a2200169ua 4500
020 _c1.00
041 _amal
_h
082 _a894.8121
_bKRI/KU
100 _aKrishna Pillai, K R .
245 _aKuchelavritham /
_cK R Krishna Pillai.
_hTextual Documents
260 _aKottayam :
_bSahitya Pravarthaka Co-operative Society ,
_c1961.
300 _a75 ; .
365 _a1.00
504 _a
942 _cBK
999 _c5194
_d5194